Sports Quiz

Random Sports or Hockey Quiz

Seattle Thunderbirds NHL Players Quiz Stats

 Plays Quiz not verified by Sporcle

Challenge
Share
Tweet
Embed
Score 0/82 Timer 07:00
0 Plays Today
NHL Games Played Player % Correct
1575Patrick Marleau
84.6%
982Petr Nedved
55.4%
447Brenden Dillon
50%
644Turner Stevenson
47.7%
890Brendan Witt
43.1%
744Chris Osgood
43.1%
566Brooks Laich
43.1%
619Nate Thompson
43.1%
39Thomas Hickey
40.9%
325Oleg Saprykin
38.5%
722Mark Parrish
30.8%
21*Aaron Gagnon
30.8%
1003Ryan Walter
27.7%
4Danny Lorenz
27.7%
1283Ken Danyeko
26.2%
6*Jim O'Brien
26.2%
352Jamie Huscroft
24.6%
295*Jamie Lundmark
24.6%
1129Glenn Anderson
23.1%
510Chris Joseph
23.1%
99Jeremy Reich
23.1%
1*Scott Jackson
23.1%
915Cory Sarich
21.5%
1*Zach Fitzgerald
21.5%
815Tim Hunter
20%
68Matthew Spiller
20%
773Jon Klemm
18.5%
513Jan Hrdina
18.5%
NHL Games Played Player % Correct
1Cody Rudkowsky
18.5%
10Chris Schmidt
16.9%
147Corey Schwab
15.4%
195Chris Wells
13.8%
129Stewart Malgunas
13.8%
9Jame Pollock
13.8%
38Rob Klinkhammer
13.8%
463Deron Quint
12.3%
391Alan Kerr
12.3%
68*Steve Goertzen
12.3%
1Lindsay Vallis
12.3%
438Ben Clymer
10.8%
45Shane Endicott
10.8%
25Zdenek Blatny
10.8%
17Tomas Mojzis
10.8%
4Joe Ward
10.8%
1Stanislav Gron
10.8%
197Rick Berry
9.2%
217Steve Dykstra
7.7%
10Barret Heisten
7.7%
83Rob Tallas
6.2%
26*Denis Tolpeko
6.2%
2Craig Endean
6.2%
1*Riku Helenius
6.2%
1Greg Kuznik
6.2%
625Shawn Chambers
4.6%
328Brent Severyn
4.6%
244John Kordic
4.6%
NHL Games Played Player % Correct
169Chris Herperger
4.6%
145Mike Kennedy
4.6%
31Errol Rausse
4.6%
2Brennan Evans
4.6%
1*Brent Krahn
4.6%
470Brent Fedyk
3.1%
26Mitch Wilson
3.1%
2Mike Siklenka
3.1%
2Brad Zavisha
3.1%
125Wayne Van Dorp
1.5%
120Wade Flaherty
1.5%
23John Lilley
1.5%
4Doug Barrault
1.5%
4David Morrisset
1.5%
3Trevor Sim
1.5%
1Scott Robinson
1.5%
167David Wilkie
0%
83Lonny Bohonos
0%
68Ed Patterson
0%
66Glen Merkosky
0%
35Matt Hervey
0%
27Kimbi Daniels
0%
3Garret Stroshein
0%
2Jim Camazzola
0%
89Mathew Barzal
0%
114Shea Theodore
0%

You're not logged in!

Compare scores with friends on all Sporcle quizzes.
Join for Free
OR
Log In

You Might Also Like...

Show Comments

Extras

Top Quizzes Today


Score Distribution

Your Account Isn't Verified!

In order to create a playlist on Sporcle, you need to verify the email address you used during registration. Go to your Sporcle Settings to finish the process.

Report this User

Report this user for behavior that violates our Community Guidelines.

Details: